| 000 | 00562nam a2200205 a 4500 | ||
|---|---|---|---|
| 005 | 20210219152844.0 | ||
| 008 | 991125n 000 0 spa u | ||
| 035 | _aUPN01000063366 | ||
| 100 | 1 | _aAramendy, Raúl | |
| 222 | _aEDUCACION DE ADULTOS Y DESARROLLO | ||
| 245 | _aAl que entra a un debate sin que lo llamen, lo echan sin que se vaya | ||
| 260 | _aAlemania | ||
| 300 | _a89-103 | ||
| 362 | 0 | _a1996 (47) | |
| 653 | 0 | _aAMERICA LATINA | |
| 653 | 0 | _aEDUCACION POPULAR | |
| 653 | 0 | _aFILOSOFIA EDUCATIVA | |
| 904 |
_aAC _b001177 |
||
| 905 | _aArticulo | ||
| 999 |
_c62081 _d62081 |
||